Central Library OPAC University of Rajshahi

Theories of modern art : (Record no. 53259)

MARC details
000 -LEADER
fixed length control field 01052nam a2200289 a 4500
001 - CONTROL NUMBER
control field 53259
003 - CONTROL NUMBER IDENTIFIER
rucl marc code BD-RjUL
005 - DATE AND TIME OF LATEST TRANSACTION
control field 20211209075931.0
008 - FIXED-LENGTH DATA ELEMENTS--GENERAL INFORMATION
fixed length control field 161004s1968 enkac b 001 0 eng
020 ## - INTERNATIONAL STANDARD BOOK NUMBER
International Standard Book Number 0520052560
035 ## - SYSTEM CONTROL NUMBER
System control number (BD-RjUL) 53379
040 ## - CATALOGING SOURCE
Original cataloging agency DLC
Transcribing agency DLC
Modifying agency DLC
-- BD-RjUL
Language of cataloging eng
041 ## - LANGUAGE CODE
Language code of text/sound track or separate title eng
082 00 - DEWEY DECIMAL CLASSIFICATION NUMBER
Classification number 709.04
Edition number 23
Author mark and year CHT 1968
100 1# - MAIN ENTRY--PERSONAL NAME
Personal name Chipp, Herschel Browning,
9 (RLIN) 159194
245 10 - TITLE STATEMENT
Title Theories of modern art :
Remainder of title a source book by artists and critics /
Statement of responsibility, etc. [by] Herschel B. Chipp [with] contributions by Peter Selz and Joshua C. Taylor.
260 ## - PUBLICATION, DISTRIBUTION, ETC. (IMPRINT)
Place of publication, distribution, etc. Berkeley :
Name of publisher, distributor, etc. University of California Press,
Date of publication, distribution, etc. c1968 [renewed 1996]
300 ## - PHYSICAL DESCRIPTION
Pagination xv, 664 p. :
Illustrations ill. ;
Size 26 cm.
500 ## - GENERAL NOTE
General note Include index
650 #0 - SUBJECT ADDED ENTRY--TOPICAL TERM
Topical term or geographic name as entry element Art, Modern
Chronological subdivision 19th century
General subdivision History.
9 (RLIN) 159196
Topical term or geographic name as entry element Art, Modern
Chronological subdivision 20th century
General subdivision History.
9 (RLIN) 159197
700 1# - ADDED ENTRY--PERSONAL NAME
Personal name Selz, Peter Howard,
Dates associated with a name 1919-
Personal name Taylor, Joshua Charles,
Dates associated with a name 1917-
942 ## - ADDED ENTRY ELEMENTS (KOHA)
Source of classification or shelving scheme Dewey Decimal Classification
Koha item type Books
Holdings
Lost status Source of classification or shelving scheme Damaged status Not for loan Collection code Permanent Location Current Location Shelving location Date acquired Source of acquisition Cost, normal purchase price Total Checkouts Full call number Date last seen Date checked out Copy number Koha item type
  Dewey Decimal Classification     Non-fiction Central Library, University of Rajshahi Central Library, University of Rajshahi   06/06/2007 Dhaka paragon enterprises ltd. 27.50 2 709.04 CHT 1968 24/09/2024 11/09/2024 C-2 Books
  Dewey Decimal Classification   Not For Loan Non-fiction Central Library, University of Rajshahi Central Library, University of Rajshahi Reading Room 06/06/2007 Dhaka, Paragon Enterprises 27.50   709.04 CHT 1996 22/01/2017   C-1 Books